[Event "EST team ch"]
[Site "?"]
[Date "2001.??.??"]
[Round "?"]
[White "Gavrikov, Viktor"]
[Black "Raud, Rainer"]
[Result "1-0"]
[WhiteElo "2539"]
[BlackElo "2360"]
[PlyCount "111"]

1. e4 c6 2. c4 e5 3. Nf3 d6 4. d4 Nd7 5. Nc3 Ngf6 6. Be2 Be7 7. O-O O-O 8. Be3
a6 9. d5 c5 10. Ne1 h6 11. g3 Nh7 12. Nd3 Bf6 13. Qd2 Kh8 14. Rab1 Nb6 15. Ne1
Bh3 16. Ng2 Ng5 17. f3 a5 18. Bd3 Re8 19. Nb5 Nc8 20. b3 Bd7 21. Nc3 Nh7 22. a3
b6 23. Kh1 Ne7 24. f4 exf4 25. gxf4 Bh3 26. Nb5 Ng6 27. Rg1 Qd7 28. Rbe1 Re7
29. Bf2 Rae8 30. b4 axb4 31. axb4 Bg4 32. bxc5 bxc5 33. Re3 Bh5 34. Rge1 Ng5
35. fxg5 Bxg5 36. Bg3 Ne5 37. Be2 Bxe3 38. Qxe3 Bg6 39. Kg1 Ra8 40. Qf4 Ra2 41.
Bf1 Rc2 42. Ne3 Rb2 43. Ra1 Kh7 44. Ra6 Rb1 45. Nxd6 Qh3 46. Ndf5 Ng4 47. Nxg4
Rxe4 48. Qxh6+ Qxh6 49. Nfxh6 Rxc4 50. Ne3 Re4 51. Nhf5 c4 52. d6 c3 53. Rc6 c2
54. Rxc2 Re8 55. d7 Rd8 56. Rd2 1-0

[Event "EST team ch"]
[Site "?"]
[Date "2001.??.??"]
[Round "?"]
[White "Lauk, Ular"]
[Black "Tanav, Tiit"]
[Result "1-0"]
[WhiteElo "2324"]
[BlackElo "2241"]
[PlyCount "57"]

1. e4 e6 2. d4 d5 3. Nd2 c5 4. Ngf3 Nc6 5. Bb5 Nf6 6. exd5 exd5 7. O-O Be7 8.
dxc5 O-O 9. Nb3 a5 10. a4 Ne4 11. Be3 Bg4 12. Be2 Rc8 13. Nfd4 Bxe2 14. Nxe2
Qd7 15. Nf4 Rfd8 16. Nd3 d4 17. Bd2 Ra8 18. Re1 Ng5 19. Bxg5 Bxg5 20. Qf3 Bf6
21. Nd2 Nb4 22. Nxb4 axb4 23. Ne4 Be5 24. Qb3 d3 25. cxd3 Qxd3 26. Qxb4 Rd4 27.
Qxb7 Rb8 28. Qc6 Rxb2 29. Qe8# 1-0

[Event "EST team ch"]
[Site "?"]
[Date "2001.??.??"]
[Round "?"]
[White "Olde, Hendrik"]
[Black "Kangur, Alvar"]
[Result "1/2-1/2"]
[WhiteElo "2357"]
[BlackElo "2265"]
[PlyCount "21"]

1. Nf3 Nf6 2. g3 b6 3. Bg2 Bb7 4. O-O d5 5. d3 e6 6. Nbd2 Bc5 7. c3 a5 8. Qc2
O-O 9. d4 Be7 10. Ne5 Nbd7 11. Nxd7 1/2-1/2

[Event "EST team ch"]
[Site "?"]
[Date "2001.??.??"]
[Round "?"]
[White "Fomina, Tatjana"]
[Black "Vark, Liina"]
[Result "1-0"]
[WhiteElo "2278"]
[BlackElo "2108"]
[PlyCount "71"]

1. e4 e5 2. Nf3 Nc6 3. Bb5 a6 4. Ba4 Nf6 5. Qe2 Be7 6. c3 b5 7. Bb3 d6 8. O-O
O-O 9. Rd1 Na5 10. Bc2 c5 11. d3 Qc7 12. Nbd2 Bg4 13. Nf1 Nc6 14. Bg5 Ne8 15.
Bxe7 Nxe7 16. Ne3 Bh5 17. g4 Bg6 18. h4 h5 19. Ng5 Nf6 20. f3 Nh7 21. Nf5 Kh8
22. Kf2 Ng8 23. Rg1 Ngf6 24. Rg2 Rg8 25. Rag1 Nf8 26. Bb3 Rd8 27. Bd5 Nxd5 28.
exd5 Qd7 29. Ne3 Nh7 30. Nxh7 Kxh7 31. gxh5 Bxh5 32. Rg5 g6 33. Ng4 Qe7 34. Qe4
Bxg4 35. R1xg4 f5 36. Qxf5 1-0

[Event "EST team ch"]
[Site "?"]
[Date "2001.??.??"]
[Round "?"]
[White "Shevtshenko, Robert"]
[Black "Krupenski, Juri"]
[Result "0-1"]
[WhiteElo "2417"]
[BlackElo "2211"]
[PlyCount "62"]

1. e4 c5 2. Nf3 g6 3. d4 Bg7 4. dxc5 Qa5+ 5. Nc3 Bxc3+ 6. bxc3 Qxc3+ 7. Bd2
Qxc5 8. Rb1 Nf6 9. Bd3 d6 10. O-O O-O 11. Rb5 Qc7 12. Qa1 Nbd7 13. Bc3 b6 14.
e5 dxe5 15. Nxe5 Ba6 16. Nxd7 Nxd7 17. Rd5 Bb7 18. Rg5 f6 19. Rg3 Rac8 20. Bb4
Ne5 21. f4 Nxd3 22. cxd3 a5 23. Bd2 Qc2 24. Qe1 Qxa2 25. f5 Kf7 26. Rf2 Qd5 27.
Rh3 Rh8 28. Re2 Qc5+ 29. Kh1 gxf5 30. d4 Qd6 31. Rhe3 Be4 0-1

[Event "EST team ch"]
[Site "?"]
[Date "2001.??.??"]
[Round "?"]
[White "Kovaljov, Deniss"]
[Black "Tarakanov, Oleg"]
[Result "1/2-1/2"]
[WhiteElo "2200"]
[BlackElo "2155"]
[PlyCount "80"]

1. d4 d5 2. Nf3 Nf6 3. Bg5 c6 4. c3 Qb6 5. Qb3 Bf5 6. e3 Nbd7 7. Be2 Ne4 8. Bf4
f6 9. h4 e6 10. h5 Bd6 11. Bxd6 Qxb3 12. axb3 Nxd6 13. Nh4 Bxb1 14. Rxb1 O-O
15. Bd3 Rae8 16. Kd2 f5 17. f4 Rf6 18. Nf3 Rh6 19. Rh3 Nf6 20. Rbh1 Nde4+ 21.
Bxe4 Nxe4+ 22. Ke1 a6 23. Ng5 Nf6 24. Nf3 Kf8 25. Ne5 Ra8 26. Rh4 a5 27. g4
fxg4 28. Nxg4 Nxg4 29. Rxg4 a4 30. bxa4 Rxa4 31. Kd2 b6 32. Rg5 Ra2 33. Kc2 Ra7
34. Rhg1 Rf6 35. Kd3 Rff7 36. c4 Ra2 37. R1g2 Ra1 38. Rc2 Rf6 39. Rcg2 Rf7 40.
Rc2 Rf6 1/2-1/2

[Event "EST team ch"]
[Site "?"]
[Date "2001.??.??"]
[Round "?"]
[White "Luik, Helmuth"]
[Black "Danilov, Nikolai"]
[Result "0-1"]
[WhiteElo "2234"]
[BlackElo "2179"]
[PlyCount "58"]

1. d4 d5 2. c4 c6 3. cxd5 cxd5 4. Nc3 Nf6 5. Nf3 Nc6 6. Bf4 Bf5 7. e3 e6 8. Bd3
Bg6 9. O-O Be7 10. Rc1 O-O 11. Bxg6 hxg6 12. h3 Rc8 13. Qe2 a6 14. Rfd1 b5 15.
a4 b4 16. Nb1 Qb6 17. Nbd2 b3 18. Qd3 Na5 19. Rc3 Rxc3 20. Qxc3 Bb4 21. Qd3
Bxd2 22. Nxd2 Rc8 23. Be5 Rc2 24. Bxf6 gxf6 25. e4 Qb4 26. exd5 exd5 27. Qe3
Rxb2 28. Nf3 Rc2 29. Qd3 Qc4 0-1

[Event "EST team ch"]
[Site "?"]
[Date "2001.??.??"]
[Round "?"]
[White "Krupenski, Igor"]
[Black "Muutnik, Valdo"]
[Result "1-0"]
[WhiteElo "2204"]
[BlackElo "2098"]
[PlyCount "85"]

1. Nf3 Nf6 2. g3 g6 3. Bg2 Bg7 4. O-O O-O 5. d4 d6 6. b3 c5 7. Bb2 cxd4 8. Nxd4
Nbd7 9. c4 a6 10. Nc3 Rb8 11. Rc1 Ne5 12. h3 Bd7 13. e4 Nc6 14. Nd5 Nxd5 15.
exd5 Nxd4 16. Bxd4 Bxd4 17. Qxd4 Qa5 18. Qb2 Rfe8 19. b4 Qd8 20. c5 Ba4 21.
Rfe1 Qc7 22. h4 Bd7 23. Qd4 h5 24. Qf4 Bf5 25. Bf3 Qd8 26. Bxh5 dxc5 27. bxc5
Qxd5 28. Bf3 Qd8 29. h5 Qc8 30. g4 Be6 31. hxg6 fxg6 32. Qg5 Bf7 33. c6 bxc6
34. Rxc6 Rb5 35. Qh6 Qb8 36. Kg2 Ra5 37. Rh1 Qe5 38. Rxg6+ Bxg6 39. Qxg6+ Kf8
40. Rh5 Qc3 41. Bd5 e6 42. Rf5+ Ke7 43. Qxe6+ 1-0

[Event "EST team ch"]
[Site "?"]
[Date "2001.??.??"]
[Round "?"]
[White "Gavrikov, Viktor"]
[Black "Rytshagov, Mihhail"]
[Result "1/2-1/2"]
[WhiteElo "2565"]
[BlackElo "2525"]
[PlyCount "28"]

1. e4 e5 2. Bc4 Nf6 3. d3 c6 4. Nf3 d5 5. Bb3 Bd6 6. O-O dxe4 7. Ng5 O-O 8.
Nxe4 Nxe4 9. dxe4 Na6 10. c3 Nc5 11. Bc2 a5 12. Qh5 Qe7 13. Be3 f6 14. Nd2 Be6
1/2-1/2

[Event "EST team ch"]
[Site "?"]
[Date "2001.??.??"]
[Round "?"]
[White "Nei, Iivo"]
[Black "Kulaots, Kaido"]
[Result "0-1"]
[WhiteElo "2379"]
[BlackElo "2519"]
[PlyCount "89"]

1. e4 c5 2. b3 Nf6 3. e5 Nd5 4. Bb2 Nc6 5. Nf3 e6 6. c4 Nf4 7. g3 Ng6 8. Bg2 d6
9. exd6 e5 10. h4 Bxd6 11. d3 O-O 12. Nc3 Nge7 13. Qd2 Bc7 14. Ne4 b6 15. a3 a5
16. Nc3 Bf5 17. Rd1 Qd7 18. Nb5 Rad8 19. Qc3 f6 20. O-O Bb8 21. Rd2 Qe8 22. Re1
Qg6 23. Bf1 Rd7 24. Qc2 Rfd8 25. Re3 Kh8 26. Bc1 Bg4 27. Nh2 Be6 28. Qd1 Nf5
29. Re4 Nfd4 30. Nxd4 Nxd4 31. Bg2 b5 32. Bb2 a4 33. Bxd4 cxd4 34. Re1 axb3 35.
cxb5 Bc7 36. Rb2 Ba5 37. Ree2 Qf7 38. f4 exf4 39. gxf4 Bc3 40. f5 Bxf5 41. Rxb3
Bxd3 42. Rf2 Bc4 43. Rb1 d3 44. Kh1 d2 45. b6 0-1

[Event "EST team ch"]
[Site "?"]
[Date "2001.??.??"]
[Round "?"]
[White "Seeman, Tarvo"]
[Black "Karner, Hillar"]
[Result "1-0"]
[WhiteElo "2427"]
[BlackElo "2291"]
[PlyCount "49"]

1. e4 e5 2. Nf3 Nc6 3. d4 exd4 4. c3 Nf6 5. e5 Nd5 6. Bb5 Be7 7. O-O O-O 8.
cxd4 d6 9. Nc3 Nxc3 10. bxc3 Bg4 11. h3 Bh5 12. Re1 a6 13. Be2 Bg6 14. exd6
Qxd6 15. Be3 Rad8 16. a3 Bf6 17. Qb3 b5 18. Rad1 Rfe8 19. a4 Na5 20. Qa2 Qd5
21. Qxd5 Rxd5 22. axb5 axb5 23. Ra1 Nc4 24. Bf4 c6 25. Bxc4 1-0

[Event "EST team ch"]
[Site "?"]
[Date "2001.??.??"]
[Round "?"]
[White "Vetemaa, Juri"]
[Black "Lauk, Ular"]
[Result "1/2-1/2"]
[WhiteElo "2288"]
[BlackElo "2330"]
[PlyCount "27"]

1. e4 e5 2. Nf3 Nf6 3. Nxe5 d6 4. Nf3 Nxe4 5. Qe2 Qe7 6. d3 Nf6 7. Nc3 Bg4 8.
Bg5 Bxf3 9. gxf3 Qxe2+ 10. Kxe2 Be7 11. Re1 Nc6 12. Kd1 O-O-O 13. Bh3+ Kb8 14.
Re2 1/2-1/2

[Event "EST team ch"]
[Site "?"]
[Date "2001.??.??"]
[Round "?"]
[White "Limberg, Tiina"]
[Black "Vark, Liina"]
[Result "1/2-1/2"]
[WhiteElo "2092"]
[BlackElo "2108"]
[PlyCount "47"]

1. Nf3 Nf6 2. g3 g6 3. Bg2 Bg7 4. O-O c5 5. d3 d5 6. c3 Nc6 7. Qc2 O-O 8. Rd1
e6 9. e4 d4 10. c4 Nd7 11. Qe2 a6 12. Bf4 e5 13. Bg5 Qc7 14. Qd2 Re8 15. Bh6
Nf6 16. h3 Bd7 17. Qg5 Nh5 18. Bxg7 Kxg7 19. Kh2 Rab8 20. Nh4 h6 21. Qd2 Nd8
22. Qe2 Kh7 23. Nd2 Nc6 24. Rab1 1/2-1/2

[Event "EST team ch"]
[Site "?"]
[Date "2001.??.??"]
[Round "?"]
[White "Krupenski, Juri"]
[Black "Gavrikov, Viktor"]
[Result "0-1"]
[WhiteElo "2211"]
[BlackElo "2565"]
[PlyCount "90"]

1. Nf3 f5 2. g3 Nf6 3. Bg2 d6 4. d4 g6 5. O-O Bg7 6. c4 O-O 7. Nc3 c6 8. b4 e5
9. Qb3 e4 10. c5+ Kh8 11. Ng5 d5 12. Nh3 Nbd7 13. b5 Nh5 14. Rd1 Ndf6 15. bxc6
bxc6 16. Qa4 Qe8 17. Rb1 h6 18. f4 Ng4 19. Nf2 Nxf2 20. Kxf2 g5 21. e3 gxf4 22.
exf4 Nf6 23. Re1 h5 24. Nd1 h4 25. Ne3 Bh6 26. Bh3 Rg8 27. Rg1 Qg6 28. Bd2 Bd7
29. Qd1 Rg7 30. Rb7 Be6 31. Rxg7 Bxg7 32. g4 fxg4 33. Bxg4 Nxg4+ 34. Nxg4 Bxd4+
35. Be3 Bxe3+ 36. Nxe3 Qf7 37. Qd4+ Kh7 38. Qe5 Rf8 39. Ke2 Qf6 40. Qh5+ Qh6
41. Qe5 Rxf4 42. Rg5 Qf6 43. Qxf6 Rxf6 44. Rh5+ Kg6 45. Rxh4 Kg5 0-1

[Event "EST team ch"]
[Site "?"]
[Date "2001.??.??"]
[Round "?"]
[White "Kulaots, Kaido"]
[Black "Kovaljov, Deniss"]
[Result "1-0"]
[WhiteElo "2519"]
[BlackElo "2200"]
[PlyCount "83"]

1. d4 d5 2. c4 e6 3. Nc3 Nf6 4. Nf3 Nbd7 5. Bg5 Be7 6. e3 O-O 7. Rc1 c6 8. Bd3
dxc4 9. Bxc4 Nd5 10. Bxe7 Qxe7 11. Ne4 e5 12. dxe5 Nxe5 13. Nxe5 Qxe5 14. Bxd5
cxd5 15. Nc3 Rd8 16. Qd4 Qxd4 17. exd4 b5 18. Kd2 Rd6 19. Rhe1 Bd7 20. Re5 Rd8
21. a3 Be6 22. b4 a6 23. Ne2 f6 24. Re3 Kf7 25. Rc7+ R8d7 26. Rec3 Rxc7 27.
Rxc7+ Bd7 28. Nf4 Ke8 29. Nd3 Rc6 30. Rxc6 Bxc6 31. Nc5 Ke7 32. Kc3 Kf7 33.
Nxa6 Ke6 34. a4 Kd6 35. a5 Be8 36. Nc5 Kc6 37. Kd2 Bf7 38. Ke3 g5 39. a6 Kb6
40. Nd7+ Kxa6 41. Nxf6 h6 42. f4 1-0

[Event "EST team ch"]
[Site "?"]
[Date "2001.??.??"]
[Round "?"]
[White "Lauk, Ular"]
[Black "Krupenski, Igor"]
[Result "1-0"]
[WhiteElo "2330"]
[BlackElo "2204"]
[PlyCount "91"]

1. e4 e6 2. d4 d5 3. Nd2 c5 4. Ngf3 Nc6 5. Bb5 Qb6 6. Qe2 Nf6 7. exd5 Nxd5 8.
Nc4 Qc7 9. O-O a6 10. Bxc6+ bxc6 11. dxc5 Bxc5 12. Nce5 O-O 13. c4 Nf6 14. Bf4
Rd8 15. Rad1 Bb7 16. Ng5 Rxd1 17. Rxd1 h6 18. Ngxf7 Rf8 19. Nd3 Bxf2+ 20. Qxf2
Qxf7 21. Bd6 Qh5 22. Re1 Re8 23. h3 e5 24. Rxe5 Rxe5 25. Bxe5 Ne4 26. Qb6 Qf7
27. Qc7 c5 28. b3 g5 29. Qxf7+ Kxf7 30. Kf1 h5 31. Ke2 Ke6 32. Bg7 Kf7 33. Bb2
Ke6 34. Ke3 Bc6 35. Ne5 Bb7 36. g4 hxg4 37. Nxg4 Ng3 38. Ne5 Nf5+ 39. Kf2 Be4
40. Nf3 Bb1 41. Nxg5+ Ke7 42. Nf3 Bxa2 43. Nd2 a5 44. Ke2 Nd6 45. Kd3 Nc8 46.
Bc3 1-0

[Event "EST team ch"]
[Site "?"]
[Date "2001.??.??"]
[Round "?"]
[White "Lelumees, Brait"]
[Black "Kanep, Meelis"]
[Result "0-1"]
[WhiteElo "2122"]
[BlackElo "2292"]
[PlyCount "62"]

1. c4 e5 2. Nc3 Nf6 3. g3 Nc6 4. Bg2 Bb4 5. Nd5 Nxd5 6. cxd5 Ne7 7. a3 Bd6 8.
d3 c6 9. dxc6 dxc6 10. Nf3 O-O 11. O-O h6 12. b4 Be6 13. Bb2 Ng6 14. h4 Bg4 15.
Nh2 Be6 16. Nf3 Bg4 17. Nh2 Bd7 18. h5 Ne7 19. e4 Qc7 20. d4 Rad8 21. f4 exf4
22. e5 fxg3 23. Nf3 Nd5 24. exd6 Qxd6 25. Qb3 Nf4 26. Ne5 Ne2+ 27. Kh1 Qe7 28.
Nf3 Bg4 29. Qc4 Bxf3 30. d5 cxd5 31. Bf6 Qxf6 0-1

[Event "EST team ch"]
[Site "?"]
[Date "2001.??.??"]
[Round "?"]
[White "Vark, Liina"]
[Black "Bashkite, Viktorija"]
[Result "0-1"]
[WhiteElo "2108"]
[BlackElo "2073"]
[PlyCount "38"]

1. d4 Nf6 2. c4 e5 3. dxe5 Ng4 4. Bf4 Nc6 5. Nf3 Bb4+ 6. Nc3 Qe7 7. Qd5 d6 8.
exd6 cxd6 9. Rd1 Be6 10. Qd3 O-O-O 11. Nd2 Nce5 12. Qc2 Bxc4 13. Nd5 Qe6 14.
Nxb4 Kb8 15. Bxe5 dxe5 16. b3 Qb6 17. Qf5 Be6 18. Qf3 Qxb4 19. h3 Rxd2 0-1

[Event "EST team ch"]
[Site "?"]
[Date "2001.??.??"]
[Round "?"]
[White "Rytshagov, Mihhail"]
[Black "Raud, Rainer"]
[Result "1/2-1/2"]
[WhiteElo "2525"]
[BlackElo "2360"]
[PlyCount "43"]

1. e4 c6 2. d4 d5 3. e5 Bf5 4. Nc3 e6 5. g4 Bg6 6. Nge2 h5 7. Nf4 Ne7 8. Nxg6
Nxg6 9. gxh5 Nh4 10. Qg4 c5 11. dxc5 Nc6 12. Bf4 g6 13. O-O-O gxh5 14. Qh3 Ng6
15. Be3 Ngxe5 16. Bb5 Ng4 17. Bd4 Bg7 18. Bxg7 Qg5+ 19. Kb1 Qxg7 20. Qg2 Qf6
21. Rhe1 O-O-O 22. f3 1/2-1/2

[Event "EST team ch"]
[Site "?"]
[Date "2001.??.??"]
[Round "?"]
[White "Leito, Priit"]
[Black "Nei, Iivo"]
[Result "0-1"]
[WhiteElo "2355"]
[BlackElo "2379"]
[PlyCount "78"]

1. e4 e6 2. d4 d5 3. e5 b6 4. c3 Qd7 5. Nf3 Ne7 6. Na3 c6 7. Nc2 Ba6 8. Bxa6
Nxa6 9. O-O Nc7 10. b3 c5 11. dxc5 bxc5 12. c4 Nc6 13. Ba3 Rd8 14. Rc1 d4 15.
Nce1 Be7 16. Nd3 Na6 17. Qe2 O-O 18. Rfe1 Rb8 19. Rcd1 Nab4 20. Bxb4 Nxb4 21.
Nxb4 Rxb4 22. Rd3 Rb6 23. Nd2 f5 24. exf6 gxf6 25. Qh5 Rf7 26. Ne4 Rg7 27. Nxc5
Bxc5 28. Qxc5 e5 29. f4 Rc6 30. Qa5 exf4 31. Re4 f3 32. Rxf3 Rd6 33. Qd2 Qc6
34. Rxd4 Qc5 35. Rff4 Rgd7 36. Rg4+ Kf7 37. Qh6 Rxd4 38. Qxh7+ Ke6 39. Qg8+ Kd6
0-1

[Event "EST team ch"]
[Site "?"]
[Date "2001.??.??"]
[Round "?"]
[White "Tsiganova, Monika"]
[Black "Rauk, Tonu"]
[Result "1-0"]
[WhiteElo "2239"]
[BlackElo "2256"]
[PlyCount "57"]

1. d4 Nf6 2. c4 e6 3. Nf3 b6 4. e3 Bb7 5. Bd3 Be7 6. Nc3 c5 7. O-O cxd4 8. exd4
d5 9. Bg5 O-O 10. Qe2 Nc6 11. cxd5 Nxd5 12. Qe4 g6 13. Bxe7 Ncxe7 14. Ng5 Nf5
15. Nf3 Qb8 16. Qg4 Nf6 17. Qg5 Nh5 18. d5 Qf4 19. Rad1 Qxg5 20. Nxg5 h6 21.
Nf3 Nhg7 22. Be4 exd5 23. Nxd5 Bxd5 24. Bxd5 Rac8 25. Ne5 Ne7 26. Bb3 h5 27.
Rd7 Ngf5 28. Rxa7 Rcd8 29. Nd7 1-0

[Event "EST team ch"]
[Site "?"]
[Date "2001.??.??"]
[Round "?"]
[White "Fomina, Tatjana"]
[Black "Limberg, Tiina"]
[Result "1-0"]
[WhiteElo "2278"]
[BlackElo "2092"]
[PlyCount "69"]

1. e4 d6 2. Bc4 Nf6 3. Qe2 g6 4. d4 Bg7 5. Nf3 O-O 6. O-O c6 7. Bb3 Qc7 8. Bg5
h6 9. Bh4 Nh5 10. Rd1 Nf4 11. Qd2 g5 12. Bg3 e5 13. h4 Bf6 14. hxg5 hxg5 15.
dxe5 dxe5 16. Nc3 Nd7 17. Qd6 Qxd6 18. Rxd6 Kg7 19. Bc4 Nc5 20. Rad1 Nce6 21.
Ne2 Nxe2+ 22. Bxe2 Nf4 23. Bxf4 gxf4 24. Nh2 Be7 25. R6d2 Be6 26. Bg4 Rad8 27.
Bxe6 fxe6 28. Rd7 Kg6 29. Ng4 Kg5 30. Nxe5 Kf6 31. Ng4+ Kg5 32. R1d3 Rxd7 33.
Rxd7 Bc5 34. Ne5 Kf6 35. Nd3 1-0

[Event "EST team ch"]
[Site "?"]
[Date "2001.??.??"]
[Round "?"]
[White "Raud, Rainer"]
[Black "Krupenski, Juri"]
[Result "1-0"]
[WhiteElo "2360"]
[BlackElo "2211"]
[PlyCount "49"]

1. Nf3 Nf6 2. d4 g6 3. Bf4 Bg7 4. e3 d6 5. h3 O-O 6. Be2 Nbd7 7. O-O Qe8 8. c4
e5 9. Bh2 Qe7 10. Nc3 c6 11. Rc1 a6 12. b4 b5 13. c5 dxc5 14. bxc5 Ne8 15. Re1
Ra7 16. Qb3 Kh8 17. a4 f5 18. axb5 axb5 19. Na2 e4 20. Nb4 Rf6 21. Bd6 Nxd6 22.
Nxc6 Nxc5 23. dxc5 Qf7 24. Qxf7 Raxf7 25. Nfe5 1-0

[Event "EST team ch"]
[Site "?"]
[Date "2001.??.??"]
[Round "?"]
[White "Kovaljov, Deniss"]
[Black "Narva, Jaan"]
[Result "1/2-1/2"]
[WhiteElo "2200"]
[BlackElo "2317"]
[PlyCount "104"]

1. d4 d5 2. Nf3 c6 3. e3 Bg4 4. c4 e6 5. Nc3 Nd7 6. Be2 f5 7. h3 Bxf3 8. gxf3
Ngf6 9. f4 Be7 10. Rg1 O-O 11. Qc2 Rc8 12. cxd5 cxd5 13. Qb3 Qb6 14. Bd2 a6 15.
f3 Qxb3 16. axb3 Nb8 17. Bd3 Nc6 18. Ke2 Nb4 19. Bb1 Rc6 20. Rc1 Rfc8 21. Kd1
Kf7 22. Na2 Nxa2 23. Rxc6 Rxc6 24. Rxa2 Kg6 25. Ke2 Kh5 26. Bd3 h6 27. Ra1 g5
28. fxg5 hxg5 29. Rg1 b5 30. e4 Nxe4 31. fxe4 dxe4 32. Bb1 Bf6 33. Be3 Rd6 34.
Bxe4 fxe4 35. Rg4 Bxd4 36. Bxg5 e5 37. Bd2 Rg6 38. Rxe4 Rg2+ 39. Kd1 Bxb2 40.
Re3 Bd4 41. Rf3 Kg6 42. Rf8 Rf2 43. Rxf2 Bxf2 44. Ke2 Bh4 45. b4 Kf5 46. Be1
Bg5 47. Kf3 Bd8 48. h4 e4+ 49. Ke2 Bb6 50. Bf2 Bc7 51. Be1 Bf4 52. Bd2 Bd6
1/2-1/2

[Event "EST team ch"]
[Site "?"]
[Date "2001.??.??"]
[Round "?"]
[White "Tanav, Tiit"]
[Black "Danilov, Nikolai"]
[Result "0-1"]
[WhiteElo "2241"]
[BlackElo "2179"]
[PlyCount "40"]

1. d4 d5 2. c4 c6 3. Nf3 Nf6 4. cxd5 cxd5 5. Nc3 Nc6 6. Bf4 Bf5 7. e3 e6 8. Bb5
Nd7 9. O-O Be7 10. Rc1 O-O 11. Qb3 Rc8 12. Na4 Na5 13. Rxc8 Qxc8 14. Qc3 Qxc3
15. Nxc3 Nb6 16. Rc1 Rc8 17. Ne2 Nac4 18. b3 Na3 19. Rxc8+ Nxc8 20. Nc1 Nxb5
0-1

[Event "EST team ch"]
[Site "?"]
[Date "2001.??.??"]
[Round "?"]
[White "Krupenski, Igor"]
[Black "Rauk, Tonu"]
[Result "1/2-1/2"]
[WhiteElo "2204"]
[BlackElo "2256"]
[PlyCount "83"]

1. Nf3 Nf6 2. g3 d5 3. Bg2 c5 4. d4 Nc6 5. O-O g6 6. c3 Qb6 7. dxc5 Qxc5 8.
Nbd2 Bg7 9. Nb3 Qd6 10. a4 O-O 11. a5 Bf5 12. Be3 Rfd8 13. Nfd4 Bd7 14. Nb5 Qb8
15. Nc5 Be8 16. Qb3 e5 17. a6 bxa6 18. Rxa6 Nb4 19. Rxa7 Bxb5 20. Rb7 Bc4 21.
Qxb4 Qc8 22. b3 Bxe2 23. Re1 Bg4 24. h3 Bxh3 25. Bg5 Bxg2 26. Kxg2 h6 27. Bxf6
Bxf6 28. Qb6 Qf5 29. c4 Ra2 30. Nd3 dxc4 31. Nxe5 Rdd2 32. Ng4 Rxf2+ 33. Nxf2
Qd5+ 34. Kh3 Qh5+ 35. Kg2 Qd5+ 36. Kf1 Rxf2+ 37. Qxf2 Qh1+ 38. Ke2 Qe4+ 39. Qe3
Qg2+ 40. Kd1 Qxb7 41. bxc4 Qb1+ 42. Ke2 1/2-1/2

[Event "EST team ch"]
[Site "?"]
[Date "2001.??.??"]
[Round "?"]
[White "Kangur, Alvar"]
[Black "Lelumees, Brait"]
[Result "0-1"]
[WhiteElo "2265"]
[BlackElo "2122"]
[PlyCount "84"]

1. e4 c5 2. Nf3 d6 3. d4 cxd4 4. Nxd4 Nf6 5. Nc3 a6 6. Be3 e5 7. Nf3 Qc7 8. a4
Be7 9. a5 Nbd7 10. Be2 O-O 11. O-O b5 12. axb6 Nxb6 13. Qd3 Bb7 14. Bxb6 Qxb6
15. Nd2 Qc7 16. Bf3 Rac8 17. Ra4 Nd7 18. Rc4 Nc5 19. Qe3 Qd8 20. Rb4 a5 21. Rc4
Bg5 22. Qe1 Ba6 23. Be2 Bxd2 24. Qxd2 Bxc4 25. Bxc4 Nxe4 26. Bxf7+ Rxf7 27.
Nxe4 d5 28. Ng5 Rf5 29. Nf3 d4 30. Ra1 Qc7 31. Ne1 Rcf8 32. f3 e4 33. Qxd4 exf3
34. gxf3 Rh5 35. Qf2 Rf6 36. Rd1 Rg6+ 37. Kh1 Rgh6 38. Rd2 Rxh2+ 39. Qxh2 Qf4
40. Qxh6 Qxh6+ 41. Rh2 Qc1 42. Re2 Qxb2 0-1

[Event "EST team ch"]
[Site "?"]
[Date "2001.??.??"]
[Round "?"]
[White "Gavrikov, Viktor"]
[Black "Shevtshenko, Robert"]
[Result "1/2-1/2"]
[WhiteElo "2565"]
[BlackElo "2417"]
[PlyCount "48"]

1. g3 Nf6 2. Bg2 g6 3. d4 Bg7 4. e4 d6 5. Nc3 O-O 6. Nge2 e5 7. h3 Na6 8. O-O
c6 9. Bg5 b5 10. a3 Nc7 11. Qd2 Ne6 12. Be3 a6 13. Rad1 Bb7 14. Qc1 Qc7 15. d5
Nc5 16. Bh6 a5 17. Bxg7 Kxg7 18. dxc6 Bxc6 19. Nd5 Bxd5 20. exd5 b4 21. axb4
axb4 22. f4 Ncd7 23. g4 Rac8 24. fxe5 dxe5 1/2-1/2

[Event "EST team ch"]
[Site "?"]
[Date "2001.??.??"]
[Round "?"]
[White "Tarakanov, Oleg"]
[Black "Kulaots, Kaido"]
[Result "0-1"]
[WhiteElo "2155"]
[BlackElo "2519"]
[PlyCount "74"]

1. e4 c5 2. Nf3 d6 3. c3 Nf6 4. Bc4 Nc6 5. d3 e6 6. Qe2 Be7 7. O-O O-O 8. Bb3
b6 9. d4 cxd4 10. cxd4 Nb4 11. e5 dxe5 12. dxe5 Ba6 13. Bc4 Bxc4 14. Qxc4 Rc8
15. Qe2 Nfd5 16. Na3 a6 17. Rd1 b5 18. Be3 Qc7 19. Bg5 Bxg5 20. Nxg5 h6 21. Nf3
Rfd8 22. g3 Qb6 23. Rd2 Qc5 24. Ne1 Ne7 25. Nf3 Nec6 26. Rad1 Nxa2 27. Nc2 Rxd2
28. Rxd2 Nab4 29. Nxb4 Nxb4 30. Rd7 Qc2 31. Nd2 Qxb2 32. Qf3 Rf8 33. Qe4 Nd5
34. Nf3 a5 35. Nd4 a4 36. f4 a3 37. Nxe6 a2 0-1

[Event "EST team ch"]
[Site "?"]
[Date "2001.??.??"]
[Round "?"]
[White "Luik, Helmuth"]
[Black "Lauk, Ular"]
[Result "1/2-1/2"]
[WhiteElo "2234"]
[BlackElo "2330"]
[PlyCount "20"]

1. d4 Nf6 2. c4 c5 3. e3 g6 4. Nf3 Bg7 5. Be2 O-O 6. O-O cxd4 7. exd4 d5 8. Nc3
dxc4 9. Bxc4 Bg4 10. Be2 Nc6 1/2-1/2

[Event "EST team ch"]
[Site "?"]
[Date "2001.??.??"]
[Round "?"]
[White "Kanep, Meelis"]
[Black "Muutnik, Valdo"]
[Result "1/2-1/2"]
[WhiteElo "2292"]
[BlackElo "2098"]
[PlyCount "55"]

1. d4 Nf6 2. c4 d6 3. Nc3 c6 4. e4 e5 5. Nf3 Nbd7 6. Be2 Be7 7. O-O O-O 8. b3
Re8 9. Bb2 Bf8 10. d5 cxd5 11. cxd5 a6 12. a4 Nc5 13. Nd2 a5 14. Ba3 b6 15. b4
axb4 16. Bxb4 Na6 17. Qb3 Nd7 18. Nc4 Nxb4 19. Qxb4 Ba6 20. Rfb1 Rb8 21. Nb5
Nc5 22. Na7 Rb7 23. Nc6 Qg5 24. Bf1 Bxc4 25. Qxc4 Ra8 26. Rb4 g6 27. Rab1 Rc7
28. Qc2 1/2-1/2

[Event "EST team ch"]
[Site "?"]
[Date "2001.??.??"]
[Round "?"]
[White "Danilov, Nikolai"]
[Black "Karner, Hillar"]
[Result "1-0"]
[WhiteElo "2179"]
[BlackElo "2291"]
[PlyCount "51"]

1. d4 Nf6 2. c4 e6 3. Nc3 Bb4 4. Qc2 c5 5. dxc5 Na6 6. a3 Bxc3+ 7. Qxc3 Nxc5 8.
e3 a5 9. b3 a4 10. b4 Nb3 11. Rb1 b6 12. Bb2 Ba6 13. Nf3 Rc8 14. Nd4 Ne4 15.
Qc2 d5 16. b5 Bb7 17. Rd1 O-O 18. Bd3 Qh4 19. Bxe4 Qxe4 20. Qxe4 dxe4 21. Nxb3
axb3 22. Rc1 Rfd8 23. Ke2 Kf8 24. Bd4 b2 25. Bxb2 Rd3 26. Rhd1 1-0

[Event "EST team ch"]
[Site "?"]
[Date "2001.??.??"]
[Round "?"]
[White "Vetemaa, Juri"]
[Black "Krupenski, Igor"]
[Result "1/2-1/2"]
[WhiteElo "2288"]
[BlackElo "2204"]
[PlyCount "37"]

1. e4 e6 2. d3 c5 3. Nf3 Nc6 4. g3 g6 5. Bg2 Bg7 6. O-O Nge7 7. Re1 d6 8. c3
O-O 9. Be3 h6 10. Qd2 Kh7 11. d4 cxd4 12. cxd4 d5 13. e5 Nf5 14. Nc3 f6 15. Bf4
fxe5 16. Bxe5 Bxe5 17. dxe5 Qb6 18. Rad1 Bd7 19. Ne2 1/2-1/2

[Event "EST team ch"]
[Site "?"]
[Date "2001.??.??"]
[Round "?"]
[White "Shevtshenko, Robert"]
[Black "Raud, Rainer"]
[Result "0-1"]
[WhiteElo "2417"]
[BlackElo "2360"]
[PlyCount "50"]

1. e4 c6 2. d4 d5 3. exd5 cxd5 4. c4 Nf6 5. Nc3 g6 6. Qb3 Bg7 7. cxd5 O-O 8.
Be2 Nbd7 9. Bf3 Nb6 10. Nge2 Bg4 11. Bxg4 Nxg4 12. O-O Nf6 13. a4 a5 14. Nf4
Qd6 15. Nb5 Qd7 16. d6 exd6 17. d5 Rfc8 18. Be3 Nc4 19. Rac1 Nxe3 20. Qxe3 Ng4
21. Qd2 Bh6 22. b3 Rxc1 23. Rxc1 Ne5 24. Kf1 Bxf4 25. Qxf4 Nd3 0-1

[Event "EST team ch"]
[Site "?"]
[Date "2001.??.??"]
[Round "?"]
[White "Rauk, Tonu"]
[Black "Luik, Helmuth"]
[Result "0-1"]
[WhiteElo "2256"]
[BlackElo "2234"]
[PlyCount "60"]

1. d4 Nf6 2. c4 e6 3. Nf3 b6 4. a3 Bb7 5. Nc3 Be7 6. Qc2 d5 7. cxd5 exd5 8. Bf4
O-O 9. e3 c5 10. Rd1 c4 11. Be2 a6 12. Ne5 b5 13. g4 Ne4 14. Kf1 f6 15. Nf3
Nxc3 16. Qxc3 a5 17. Nd2 Nd7 18. Bf3 Nb6 19. Kg2 Qd7 20. Qc2 b4 21. Ra1 b3 22.
Qc1 g5 23. Bg3 f5 24. gxf5 Qxf5 25. h3 Qd3 26. Nb1 Na4 27. Bd1 Bc8 28. Re1 Qe4+
29. Kh2 Bd6 30. Qd2 Qh4 0-1

-1/2